000 00799nas a2200265 4500
001 BR0203347
003 BR-BrBNA
005 20231205103055.0
007 ta
008 230509b bl.|||p| |||| 00| 00por d
040 _aBR-BrBNA
_bpor
_cBiblioteca Nacional de Agricultura
041 _a(Pt)
072 _aL73
100 1 _aGuimarães, A.M.
100 1 _aGuedes, E.
100 1 _aCarvalho, R.A.
245 1 _aOcorrência de Giardia spp. em bezerros leiteiros no Brasil
650 _aBEZERRO LEITEIRO
650 _aGIARDIASE
650 _aDIARRÉIA
650 _aMICROSCÓPIO
773 0 _tArquivo Brasileiro de Medicina Veterinária e Zootecnia (Brazil)
_xISSN 0102-0935
_g(Dec 2001), v. 53(6) p. 652-653
_wBR0203347
909 _a202311
_bLúcia
_c55
_dLúcia Elande
942 _2AGRIS
_n0
_cANA
999 _c170914
_d170914